| 000 | 004400000a22001810004500 | ||
|---|---|---|---|
| 003 | MACL | ||
| 005 | 20151001174402.0 | ||
| 008 | 151001b xxu||||| |||| 00| 0 eng d | ||
| 040 |
_aMACL _cMACL |
||
| 041 | _aEnglish | ||
| 082 | _a910/SAN | ||
| 100 |
_aNair, V Sankaran _913185 |
||
| 245 | _aKerala Coast A Byway In History | ||
| 260 |
_bFolio Publishers _c2008 |
||
| 350 | _a350 | ||
| 650 |
_aTravel _913186 |
||
| 942 |
_cBK _k910/SAN _2ddc |
||
| 999 |
_c41007 _d41007 |
||